Tropical crops / (Record no. 14225)
[ view plain ]
| 000 -LEADER | |
|---|---|
| fixed length control field | 00852nam a2200277 a 4500 |
| 001 - CONTROL NUMBER | |
| control field | 14225 |
| 003 - CONTROL NUMBER IDENTIFIER | |
| rucl marc code | BD-RjUL |
| 005 - DATE AND TIME OF LATEST TRANSACTION | |
| control field | 20211208235606.0 |
| 008 - FIXED-LENGTH DATA ELEMENTS--GENERAL INFORMATION | |
| fixed length control field | 140205r19691968nyua b 001 0 eng |
| 020 ## - INTERNATIONAL STANDARD BOOK NUMBER | |
| International Standard Book Number | 582466458 (Vol.1) |
| 035 ## - SYSTEM CONTROL NUMBER | |
| System control number | (OCoLC)ocm00439538 |
| System control number | (BD-RjUL)14277 |
| 040 ## - CATALOGING SOURCE | |
| Original cataloging agency | DLC |
| Transcribing agency | DLC |
| Modifying agency | ZCU |
| -- | BD-RjUL |
| Language of cataloging | eng |
| 041 ## - LANGUAGE CODE | |
| Language code of text/sound track or separate title | eng |
| 082 00 - DEWEY DECIMAL CLASSIFICATION NUMBER | |
| Edition number | 23 |
| Classification number | 631.0913 |
| Author mark and year | PUT 1969 |
| 100 1# - MAIN ENTRY--PERSONAL NAME | |
| Personal name | Purseglove, J. W. |
| Fuller form of name | (John William), |
| Dates associated with a name | 1912- |
| 9 (RLIN) | 44430 |
| 245 10 - TITLE STATEMENT | |
| Title | Tropical crops / |
| Statement of responsibility, etc. | by J. W. Purseglove. |
| 260 ## - PUBLICATION, DISTRIBUTION, ETC. (IMPRINT) | |
| Place of publication, distribution, etc. | London : |
| Name of publisher, distributor, etc. | Green and co., |
| Date of publication, distribution, etc. | 1968 [impression 1969]. |
| 300 ## - PHYSICAL DESCRIPTION | |
| Pagination | V.: |
| Illustrations | illus. ; |
| Size | 26 cm. |
| 504 ## - BIBLIOGRAPHY, ETC. NOTE | |
| Bibliography, etc | Includes bibliographical reference and index. |
| 505 ## - FORMATTED CONTENTS NOTE | |
| Formatted contents note | Vol.1.dicotyledons-- V.2.dicotyledons-- |
| 650 #0 - SUBJECT ADDED ENTRY--TOPICAL TERM | |
| Topical term or geographic name as entry element | Tropical crops. |
| 9 (RLIN) | 44431 |
| Topical term or geographic name as entry element | Dicotyledons. |
| 9 (RLIN) | 44432 |
| 942 ## - ADDED ENTRY ELEMENTS (KOHA) | |
| Source of classification or shelving scheme | Dewey Decimal Classification |
| Koha item type | Books |
| Lost status | Source of classification or shelving scheme | Damaged status | Not for loan | Collection code | Permanent Location | Current Location | Shelving location | Date acquired | Source of acquisition | Cost, normal purchase price | Total Checkouts | Full call number | Date last seen | Copy number | Koha item type |
|---|---|---|---|---|---|---|---|---|---|---|---|---|---|---|---|
| Dewey Decimal Classification | Non-fiction | Central Library, University of Rajshahi | Central Library, University of Rajshahi | 27/02/1973 | Black well | 5.90 | 631.0913 PUT V-2 1969 | 05/02/2014 | C-2 | Books | |||||
| Dewey Decimal Classification | Non-fiction | Central Library, University of Rajshahi | Central Library, University of Rajshahi | 27/02/1973 | B.H. Blackwell | 5.90 | 631.0913 PUT V-1 1969 | 16/10/2016 | C-2 | Books | |||||
| Dewey Decimal Classification | Not For Loan | Non-fiction | Central Library, University of Rajshahi | Central Library, University of Rajshahi | Reading Room | 10/01/1970 | Swets & zeitlinger | 0.50 | 631.0913 PUT V-1 1968 | 29/01/2019 | C-1 | Books |